LEADER 03070nam 2200649 450 001 9910460575303321 005 20200520144314.0 010 $a3-11-038965-7 010 $a3-11-037877-9 024 7 $a10.1515/9783110378771 035 $a(CKB)3710000000461747 035 $a(EBL)1787105 035 $a(SSID)ssj0001559320 035 $a(PQKBManifestationID)16186036 035 $a(PQKBTitleCode)TC0001559320 035 $a(PQKBWorkID)14820175 035 $a(PQKB)10477506 035 $a(MiAaPQ)EBC1787105 035 $a(DE-B1597)429975 035 $a(OCoLC)1013967204 035 $a(OCoLC)952790750 035 $a(DE-B1597)9783110378771 035 $a(Au-PeEL)EBL1787105 035 $a(CaPaEBR)ebr11087973 035 $a(OCoLC)923710532 035 $a(EXLCZ)993710000000461747 100 $a20150819h20152015 uy 0 101 0 $ager 135 $aur|n|---||||| 181 $ctxt 182 $cc 183 $acr 200 14$aDas Ansehen des staates im tu?rkischen und deutschen strafrecht /$fZekai Dagasan 210 1$aBerlin, [Germany] ;$aBoston, [Massachusetts] :$cDe Gruyter,$d2015. 210 4$d©2015 215 $a1 online resource (450 p.) 225 1 $aJuristische Zeitgeschichte ;$vAbteilung 5, Band 24 300 $aDescription based upon print version of record. 311 $a3-11-037864-7 320 $aIncludes bibliographical references. 327 $tFrontmatter -- $tVorwort -- $tInhaltsverzeichnis -- $tAnmerkungen zur Schreibweise und Aussprache -- $tAbkürzungsverzeichnis -- $tERSTER TEIL: GRUNDLAGEN -- $tErstes Kapitel: Einführung -- $tZWEITER TEIL: TÜRKISCHES RECHT -- $tZweites Kapitel: Vorläufer -- $tDrittes Kapitel: Grundlagen des republikanischen Strafrechts -- $tViertes Kapitel: Art. 145 und Art. 159 tStGB 1926 -- $tFünftes Kapitel: Art. 300 und Art. 301 tStGB 2004 -- $tSechstes Kapitel: Würdigung -- $tDRITTER TEIL: DEUTSCHES RECHT -- $tSiebtes Kapitel: Vorläufer -- $tAchtes Kapitel: §§ 90a, 90b (§§ 96, 97) StGB -- $tNeuntes Kapitel: Würdigung -- $tVIERTER TEIL: VERGLEICH -- $tZehntes Kapitel: Historischer Vergleich -- $tElftes Kapitel: Dogmatischer Vergleich -- $tZwölftes Kapitel: Statistischer Vergleich -- $tDreizehntes Kapitel: Kriminalpolitischer Vergleich -- $tFÜNFTER TEIL: SCHLUSS -- $tVierzehntes Kapitel: Zusammenfassende Würdigung und Ausblick -- $tANHANG -- $tAnhang Nr. 1: Zur türkischen Rechtsordnung -- $tAnhang Nr. 2: Zur deutschen Rechtsordnung -- $tLiteratur- und Quellenverzeichnis -- $tBackmatter 410 0$aJuristische Zeitgeschichte ;$vAbteilung 5, Band 24. 606 $aCriminal law$zGermany 606 $aCriminal law$zTurkey 608 $aElectronic books. 615 0$aCriminal law 615 0$aCriminal law 676 $a345.43 686 $aPH 3510$2rvk 700 $aDagasan$b Zekai$01033167 801 0$bMiAaPQ 801 1$bMiAaPQ 801 2$bMiAaPQ 906 $aBOOK 912 $a9910460575303321 996 $aDas Ansehen des staates im tu?rkischen und deutschen strafrecht$92451566 997 $aUNINA LEADER 01285nam0 22002531i 450 001 UON00394588 005 20231205104628.757 100 $a20110623d1917 |0itac50 ba 101 $aita 102 $aIT 105 $a|||| ||||| 200 1 $aMonete greche$enumismatica greca - ermeneutica delle monete - classificazione dei sistemi e delle officine monetarie - la moneta greca nell'antichità e nell'arte classica - cenni e prontuari delle varie categorie di prezzi$fAmbrosoli, Ricci - 2. ed. / completamente rifatta del manuale Monete greche di S. Ambrosoli$bda] Serafino Ricci - Milano$eU. Hoepli, 1917 - XXV, 626, IV c. di tav. : c. geogr. ; 16 cm 210 $aManuali Hoepli 316 $adono Breglia$5IT-UONSI JFONDO BREGLIAAMB/001 620 $aIT$dMilano$3UONL000005 700 1$aAMBROSOLI$bSolone$3UONV079860$0397890 702 1$aRICCI$bSerafino$3UONV202972 712 $aCisalpino-Goliardica$3UONV246286$4650 801 $aIT$bSOL$c20240220$gRICA 899 $aSIBA - SISTEMA BIBLIOTECARIO DI ATENEO$2UONSI 912 $aUON00394588 950 $aSIBA - SISTEMA BIBLIOTECARIO DI ATENEO$dSI J FONDO BREGLIA AMB 001 $eSI MC 33971 5 001 dono Breglia 996 $aMonete greche$9216741 997 $aUNIOR